[Event "Ä19"]
[Site "Loo"]
[Date "2017.04.24"]
[Round "5.9"]
[White "Êèñåëåâà, Åêàòåðèíà."]
[Black "Ìèëîâàíîâà, Ìàðèÿ."]
[Result "0-1"]
[WhiteElo "1808"]
[BlackElo "1981"]
[PlyCount "36"]
[EventDate "2017.04.20"]

1. e4 e5 2. Nf3 Nc6 3. Bb5 a6 4. Ba4 Nf6 5. O-O Nxe4 6. Re1 Nc5 7. Bxc6 dxc6 8.
Nxe5 Be7 9. d4 Ne6 10. c3 O-O 11. Nd2 f6 12. Nef3 Re8 13. Ne4 Nf8 14. Bf4 Be6
15. b3 Bf7 16. Qd2 Ng6 17. Bg3 a5 18. Qc2 f5 0-1

[Event "Ä19"]
[Site "Loo"]
[Date "2017.04.24"]
[Round "5.10"]
[White "Ìóõèíà, ßíà."]
[Black "Þðîâñêèõ, ßñìèí."]
[Result "1-0"]
[WhiteElo "2004"]
[BlackElo "1880"]
[PlyCount "93"]
[EventDate "2017.04.20"]

1. e4 c6 2. d4 d5 3. Nc3 dxe4 4. Nxe4 Bf5 5. Ng3 Bg6 6. h4 h6 7. Nf3 Nd7 8. h5
Bh7 9. Bd3 Bxd3 10. Qxd3 e6 11. Bd2 Ngf6 12. O-O-O Be7 13. Kb1 O-O 14. Ne4 Nxe4
15. Qxe4 Nf6 16. Qe2 Qd5 17. Be3 b5 18. Ne5 c5 19. g4 cxd4 20. Bxd4 Bc5 21.
Bxc5 Qxc5 22. f4 Rfd8 23. Rxd8+ Rxd8 24. g5 Qd5 25. Re1 hxg5 26. c4 bxc4 27.
fxg5 Nd7 28. Rd1 Qb5 29. g6 Kf8 30. gxf7 Qxe5 31. Qxe5 Nxe5 32. Rxd8+ Kxf7 33.
Ra8 g5 34. hxg6+ Kxg6 35. Rxa7 Kf5 36. Kc2 Nc6 37. Rc7 Nb4+ 38. Kb1 e5 39. Rxc4
Nd5 40. Rc5 Ke4 41. Rxd5 Kxd5 42. Kc2 Kc4 43. Kd2 Kd4 44. Ke2 e4 45. a4 e3 46.
b4 Kc4 47. a5 1-0

[Event "Ä19"]
[Site "Loo"]
[Date "2017.04.24"]
[Round "5.11"]
[White "Øàïàðü, Òàòüÿíà."]
[Black "Áî÷àðîâà, Óëüÿíà."]
[Result "1-0"]
[WhiteElo "1950"]
[BlackElo "1852"]
[PlyCount "103"]
[EventDate "2017.04.20"]

1. e4 e5 2. Nf3 Nf6 3. Nc3 Nc6 4. Bc4 Bc5 5. O-O d6 6. a3 Bg4 7. h3 Bh5 8. Be2
Bxf3 9. Bxf3 Nd4 10. d3 Nxf3+ 11. Qxf3 h6 12. Ne2 Qe7 13. c3 Bb6 14. a4 c6 15.
Ng3 g6 16. Kh1 O-O-O 17. b4 d5 18. b5 dxe4 19. dxe4 cxb5 20. axb5 Nd7 21. Ba3
Nc5 22. Bb4 Qc7 23. Rfd1 Rhe8 24. Nf1 Ne6 25. Ne3 Bxe3 26. Qxe3 b6 27. c4 Rxd1+
28. Rxd1 Rd8 29. Rxd8+ Qxd8 30. Qxh6 Qd4 31. Qh8+ Kb7 32. Qe8 Qxc4 33. Qxf7+
Kc8 34. Bd2 Qf1+ 35. Kh2 Nf4 36. Bxf4 exf4 37. Qxf4 Qxb5 38. Qg4+ Kc7 39. Qxg6
a5 40. h4 Qe5+ 41. g3 a4 42. h5 a3 43. h6 a2 44. Qf7+ Kc6 45. Qxa2 Qh5+ 46. Kg2
Qxh6 47. Qd5+ Kc7 48. e5 Qc6 49. Qxc6+ Kxc6 50. Kf1 Kd5 51. Ke2 b5 52. Kd3 1-0

[Event "Ä19"]
[Site "Loo"]
[Date "2017.04.24"]
[Round "5.12"]
[White "Òèìàêîâà, Ìàðèÿ."]
[Black "Ìàìîíòîâà, Àíàñòàñèÿ."]
[Result "0-1"]
[WhiteElo "1828"]
[BlackElo "1948"]
[PlyCount "98"]
[EventDate "2017.04.20"]

1. f4 Nc6 2. Nf3 d5 3. g3 Bg4 4. Bg2 Bxf3 5. Bxf3 e5 6. d3 Nf6 7. Nc3 Qd7 8.
O-O h5 9. e4 Bc5+ 10. Kh1 dxe4 11. Nxe4 Nxe4 12. Bxe4 f5 13. Bxc6 Qxc6+ 14. Qf3
e4 15. dxe4 fxe4 16. Re1 O-O-O 17. Qg2 h4 18. Be3 hxg3 19. Qxg3 Be7 20. c3 Qe6
21. Re2 Bf6 22. Qg2 Rh4 23. Rf1 Rdh8 24. Bg1 e3 25. Rf3 Rg4 26. Rfxe3 Qf5 27.
Qe4 Rxf4 28. Qxf5+ Rxf5 29. Re8+ Rxe8 30. Rxe8+ Kd7 31. Ra8 a6 32. Rf8 Rf1 33.
Kg2 Rb1 34. Rf7+ Kd6 35. Bd4 Rxb2+ 36. Kg3 Bxd4 37. cxd4 Rxa2 38. Rxg7 Ra1 39.
Kf4 Rh1 40. Rh7 a5 41. Ke4 a4 42. Rh6+ Kd7 43. Rh7+ Kc6 44. d5+ Kb6 45. Rh6+
Kb5 46. Rh7 a3 47. Rxc7 a2 48. Rxb7+ Ka6 49. Rb8 Ka7 0-1

[Event "Ä19"]
[Site "Loo"]
[Date "2017.04.24"]
[Round "5.13"]
[White "Äîëãàåâà, Åâãåíèÿ."]
[Black "Äîðîôååâà, Íúóðãóéààíà."]
[Result "1-0"]
[WhiteElo "1946"]
[BlackElo "1778"]
[PlyCount "107"]
[EventDate "2017.04.20"]

1. e4 c6 2. d3 d5 3. Nd2 Nd7 4. Ngf3 e5 5. d4 exd4 6. exd5 cxd5 7. Nxd4 Ngf6 8.
Qe2+ Qe7 9. Nb5 Kd8 10. Nb3 Qxe2+ 11. Bxe2 Nc5 12. Bf4 a6 13. N5d4 Nxb3 14.
axb3 Bc5 15. Be3 Re8 16. O-O-O Bg4 17. Bxg4 Nxg4 18. Nc6+ Kc7 19. Bxc5 Kxc6 20.
Bd4 Re2 21. Rd2 Rae8 22. Kd1 R2e4 23. c3 Rf4 24. h3 Nf6 25. Re2 Rxe2 26. Kxe2
Re4+ 27. Kd3 Re6 28. Ra1 Nd7 29. Ra5 g6 30. c4 dxc4+ 31. bxc4 Re1 32. Be3 Rd1+
33. Kc3 Kc7 34. Kc2 Rg1 35. g3 Nb8 36. Bf4+ Kc8 37. Rc5+ Nc6 38. b4 Kd7 39.
Rd5+ Ke7 40. Kc3 Rf1 41. Be3 Rb1 42. b5 axb5 43. cxb5 Nd8 44. Kc4 Ne6 45. Rd3
Rb2 46. Rc3 Ng7 47. Bc5+ Kd7 48. Rd3+ Kc8 49. Bd4 Rc2+ 50. Kb3 Re2 51. Bxg7
Rxf2 52. Be5 f6 53. Bd4 Rh2 54. Bb6 1-0

[Event "Ä19"]
[Site "Loo"]
[Date "2017.04.24"]
[Round "5.14"]
[White "Ñåðåãèíà, Ìàðèÿ."]
[Black "Ãðåõí¸âà, ßíà."]
[Result "1-0"]
[WhiteElo "1804"]
[BlackElo "1881"]
[PlyCount "59"]
[EventDate "2017.04.20"]

1. d4 d5 2. c4 c6 3. Nc3 Nf6 4. cxd5 cxd5 5. Bg5 e6 6. e3 Nc6 7. a3 h6 8. Bh4
Be7 9. Bd3 Bd7 10. f4 Rc8 11. Nf3 Ng4 12. Bxe7 Qxe7 13. Qe2 a6 14. h3 Nf6 15.
Ne5 Na5 16. O-O b5 17. f5 Nc4 18. Nxd7 Nxd7 19. fxe6 Nf6 20. exf7+ Qxf7 21.
Bxc4 Rxc4 22. Rf5 Qg6 23. Re5+ Kf7 24. Nxd5 Rc2 25. Qf3 Rhc8 26. Kh2 Rxg2+ 27.
Qxg2 Rc2 28. Rg1 h5 29. Nf4 Qh7 30. Ne2 1-0

[Event "Ä19"]
[Site "Loo"]
[Date "2017.04.24"]
[Round "5.15"]
[White "Ìàòþêîâà, Óëüÿíà."]
[Black "Äåì÷åíêî, Àëèñà."]
[Result "0-1"]
[WhiteElo "1984"]
[BlackElo "1876"]
[PlyCount "78"]
[EventDate "2017.04.20"]

1. d4 Nf6 2. c4 e6 3. Nc3 Bb4 4. e3 O-O 5. Bd3 c5 6. Nf3 d5 7. O-O cxd4 8. exd4
dxc4 9. Bxc4 b6 10. a3 Bxc3 11. bxc3 Qc7 12. Qe2 Bb7 13. Bd3 Qxc3 14. Bb2 Qc6
15. d5 Qxd5 16. Rfd1 Qh5 17. Bxf6 gxf6 18. Rac1 Nc6 19. Be4 Na5 20. Bxb7 Nxb7
21. Rc4 Rfd8 22. Rh4 Rxd1+ 23. Qxd1 Qc5 24. Qb1 Qf5 25. Qb4 Rd8 26. h3 Nc5 27.
Rf4 Qc2 28. Rg4+ Kh8 29. Qf4 Qd1+ 30. Kh2 Qd6 31. g3 Qxf4 32. Rxf4 Rd3 33. Rxf6
Kg7 34. Rf4 Rxa3 35. Ne5 f5 36. g4 Kf6 37. Nc6 a5 38. gxf5 exf5 39. Rh4 Ne4 0-1

[Event "Ä19"]
[Site "Loo"]
[Date "2017.04.24"]
[Round "5.16"]
[White "×èñòÿêîâà, Äàðüÿ."]
[Black "Áî÷àðîâà, Àíàñòàñèÿ."]
[Result "0-1"]
[WhiteElo "1893"]
[BlackElo "1797"]
[PlyCount "82"]
[EventDate "2017.04.20"]

1. e4 c5 2. Nf3 Nf6 3. Nc3 d5 4. exd5 Nxd5 5. d4 Nxc3 6. bxc3 e6 7. Bd3 Nc6 8.
O-O Be7 9. Be3 O-O 10. Rb1 Qa5 11. Ng5 h6 12. Qh5 c4 13. Be4 Bxg5 14. Bxc6 bxc6
15. f4 Bd8 16. f5 exf5 17. Bd2 Be6 18. Rf3 f4 19. Qxa5 Bxa5 20. Bxf4 g5 21. Be5
f5 22. Rb7 Rf7 23. Rxf7 Kxf7 24. g4 f4 25. h4 Bxg4 26. Rf2 Kg6 27. hxg5 hxg5
28. Rg2 Kf5 29. Rh2 Bxc3 30. Rh6 c5 31. Rf6+ Ke4 32. Rg6 Bxd4+ 33. Bxd4 cxd4
34. Rxg5 Bf3 35. Kf2 Rh8 36. Rg7 Rh2+ 37. Kg1 Rg2+ 38. Rxg2 Bxg2 39. Kxg2 f3+
40. Kf2 d3 41. cxd3+ Kxd3 0-1

[Event "Ä19"]
[Site "Loo"]
[Date "2017.04.24"]
[Round "5.17"]
[White "Àëåêñååâà, Þëèÿ."]
[Black "Êàçàê, Íàòàëüÿ."]
[Result "1-0"]
[WhiteElo "1850"]
[BlackElo "1769"]
[PlyCount "73"]
[EventDate "2017.04.20"]

1. d4 Nf6 2. c4 g6 3. Nc3 Bg7 4. e4 d6 5. f3 O-O 6. Be3 Nc6 7. Nge2 a6 8. Qd2
Rb8 9. Nc1 e5 10. d5 Nd4 11. Nb3 Nxb3 12. axb3 Nd7 13. g4 Nc5 14. Ra3 Qh4+ 15.
Kd1 Qe7 16. h4 h5 17. gxh5 gxh5 18. Bh6 f6 19. Rg1 Rf7 20. Qg2 f5 21. b4 fxe4
22. bxc5 exf3 23. Qg6 f2 24. Rg3 Bg4+ 25. Kc1 Qxh4 26. Ne4 Bf5 27. Qxf7+ Kxf7
28. Rxg7+ Ke8 29. Rag3 Bg4 30. Rg8+ Kf7 31. Rxb8 Qh1 32. Nd2 Qg1 33. Rg2 h4 34.
Rf8+ Kg6 35. Rfxf2 Qh1 36. Rxg4+ Kxh6 37. Rfg2 1-0

[Event "Ä19"]
[Site "Loo"]
[Date "2017.04.24"]
[Round "5.18"]
[White "Þðêèíà, Àíàñòàñèÿ."]
[Black "Êîïîâàÿ, Àëåêñàíäðà."]
[Result "0-1"]
[WhiteElo "1812"]
[BlackElo "1958"]
[PlyCount "74"]
[EventDate "2017.04.20"]

1. d4 Nf6 2. Nf3 e6 3. c4 d5 4. g3 Be7 5. Bg2 O-O 6. O-O c6 7. Nc3 Nbd7 8. a3
dxc4 9. e4 b5 10. d5 exd5 11. exd5 cxd5 12. Nxd5 Bb7 13. Nxe7+ Qxe7 14. Bf4
Rfe8 15. Re1 Qd8 16. Qd4 Qb6 17. Rad1 Qxd4 18. Nxd4 Bxg2 19. Kxg2 a6 20. Nc6
Nc5 21. Ne7+ Kh8 22. Kf3 Nd3 23. Re2 Nxb2 24. Rxb2 Rxe7 25. Be3 Nd7 26. Bd4
Ne5+ 27. Bxe5 Rxe5 28. Rbd2 g6 29. Kf4 Re6 30. Rd6 Rae8 31. Kf3 Kg7 32. R6d5
Rf6+ 33. Kg2 Re2 34. Rf1 Ra2 35. Rdd1 Rxa3 36. Ra1 Rxa1 37. Rxa1 c3 0-1

[Event "Ä19"]
[Site "Loo"]
[Date "2017.04.24"]
[Round "5.19"]
[White "Êàëèíîâñêàÿ, Ëþäìèëà."]
[Black "Ïåðôèëîâà, Ìàðèÿ."]
[Result "1-0"]
[WhiteElo "1689"]
[BlackElo "1895"]
[PlyCount "43"]
[EventDate "2017.04.20"]

1. d4 Nf6 2. c4 g6 3. Nc3 Bg7 4. e4 d6 5. h3 O-O 6. Be3 e5 7. d5 Na6 8. a3 Nc5
9. Qc2 Nh5 10. g4 Nf4 11. b4 Na6 12. Nge2 f5 13. gxf5 gxf5 14. O-O-O c5 15.
dxc6 Nxe2+ 16. Bxe2 bxc6 17. c5 f4 18. Rxd6 Qh4 19. Bd2 Qxf2 20. Be1 Qg2 21.
Bc4+ Kh8 22. Qxg2 1-0

[Event "Ä19"]
[Site "Loo"]
[Date "2017.04.24"]
[Round "5.20"]
[White "Ìóõòàðîâà, Àíàñòàñèÿ."]
[Black "Áîëèåâà, Ìàðèÿ."]
[Result "1-0"]
[WhiteElo "1859"]
[BlackElo "1278"]
[PlyCount "69"]
[EventDate "2017.04.20"]

1. c4 e5 2. Nc3 Nf6 3. Nf3 Nc6 4. e3 d6 5. Qc2 Bg4 6. Be2 Qd7 7. a3 Be7 8. b4
a6 9. Bb2 d5 10. cxd5 Nxd5 11. O-O Nf6 12. Rac1 h5 13. Rfd1 Bd6 14. d4 exd4 15.
Nxd4 h4 16. Ne4 Bxe2 17. Nxd6+ cxd6 18. Qxe2 Rd8 19. Qf3 Ne5 20. Qf5 Rh7 21.
Qxd7+ Kxd7 22. Nf5 Ke6 23. Nd4+ Ke7 24. Rc7+ Rd7 25. Nf5+ Ke6 26. Rxd7 Nexd7
27. Nxd6 Nd5 28. Nxb7 N7f6 29. Nc5+ Ke7 30. Nxa6 Rh8 31. Nc5 Rd8 32. Rd4 g5 33.
e4 Nb6 34. Rxd8 Kxd8 35. Bxf6+ 1-0

[Event "Ì17Ï"]
[Site "Loo"]
[Date "2017.04.24"]
[Round "5.1"]
[White "Ìèøèí, Âÿ÷åñëàâ."]
[Black "Øåìÿêèí, Âàëåðèé."]
[Result "1-0"]
[WhiteElo "2092"]
[BlackElo "2039"]
[PlyCount "87"]
[EventDate "2017.04.20"]

1. e4 e5 2. Nf3 Nc6 3. Bb5 Nf6 4. d3 Bc5 5. O-O Nd4 6. Nxd4 Bxd4 7. c3 Bb6 8.
Ba4 c6 9. Re1 d6 10. h3 Be6 11. d4 Qe7 12. d5 Bd7 13. dxc6 bxc6 14. Na3 O-O 15.
Qf3 Rfe8 16. Bg5 Rad8 17. Nc4 Bc7 18. Ne3 h6 19. Nf5 Bxf5 20. Bxf6 Qxf6 21.
Qxf5 Qxf5 22. exf5 Rb8 23. Bxc6 Rec8 24. Re2 Rb6 25. Bd5 Rcb8 26. b3 Rb5 27.
Rd1 Rc5 28. Re3 Ra5 29. a4 Kf8 30. Bc4 Rc5 31. g4 Ke7 32. h4 Kf6 33. Kg2 Rd8
34. Bd5 Bb6 35. Rg3 a5 36. Rdd3 Rdc8 37. g5+ Ke7 38. f6+ Kf8 39. gxh6 gxh6 40.
Rg7 Rxc3 41. Rxf7+ Ke8 42. Rxc3 Rxc3 43. Re7+ Kf8 44. Rh7 1-0

[Event "Ì17Ï"]
[Site "Loo"]
[Date "2017.04.24"]
[Round "5.2"]
[White "Òÿòþøêèí, Äàíèë."]
[Black "Íåçíàíîâ, Àëåêñàíäð."]
[Result "0-1"]
[WhiteElo "1985"]
[BlackElo "2050"]
[PlyCount "88"]
[EventDate "2017.04.20"]

1. e4 c5 2. c3 d5 3. exd5 Qxd5 4. d4 Nf6 5. Nf3 Nc6 6. dxc5 Qxd1+ 7. Kxd1 Bg4
8. h3 Bxf3+ 9. gxf3 e6 10. b4 a5 11. Bd2 O-O-O 12. a3 Nd5 13. Kc2 Be7 14. Bc4
Bf6 15. Bxd5 exd5 16. Ra2 d4 17. b5 dxc3 18. bxc6 cxd2 19. cxb7+ Kxb7 20. Nxd2
Kc6 21. Ne4 Bd4 22. Kb3 f5 23. Nd6 Bxc5 24. Nxf5 Rhf8 25. Ne3 Rxf3 26. Re1 Re8
27. Ka4 Rxh3 28. Rc1 Rh5 29. Rd2 g6 30. Ng4 Rd5 31. Rdc2 Rf8 32. f4 Kd6 33. Nf2
Bxf2 34. Rxf2 g5 35. Rcf1 h5 36. Kb3 h4 37. Rf3 Rxf4 38. Rxf4 gxf4 39. Rxf4 Rh5
40. Rf1 h3 41. Ka4 h2 42. Rh1 Ke6 43. Re1+ Kf6 44. Rh1 Kg6 0-1

[Event "Ì17Ï"]
[Site "Loo"]
[Date "2017.04.24"]
[Round "5.3"]
[White "Äóáèíèí, Àëåêñàíäð."]
[Black "Êûðíàåâ, Àëåêñåé."]
[Result "1-0"]
[WhiteElo "2165"]
[BlackElo "2048"]
[PlyCount "69"]
[EventDate "2017.04.20"]

1. e4 c5 2. Nf3 d6 3. d4 cxd4 4. Nxd4 Nf6 5. Nc3 a6 6. Nb3 e6 7. Be3 Be7 8. g4
h6 9. Qe2 b5 10. O-O-O Qc7 11. Bg2 Bb7 12. a3 Nbd7 13. f4 Nc5 14. Nxc5 dxc5 15.
e5 Nd7 16. Ne4 Bxe4 17. Bxe4 O-O-O 18. c4 b4 19. a4 f6 20. exf6 Nxf6 21. Bg2 e5
22. fxe5 Nd7 23. Qf3 Qa7 24. Qc6+ Kb8 25. e6 Ne5 26. Bf4 Bg5 27. Qe4 Bxf4+ 28.
Qxf4 Qc7 29. Qe4 Ka7 30. Rhe1 Rxd1+ 31. Rxd1 Re8 32. Rd5 Nxc4 33. Rd7 Qxd7 34.
exd7 Rxe4 35. Bxe4 1-0

[Event "Ì17Ï"]
[Site "Loo"]
[Date "2017.04.24"]
[Round "5.4"]
[White "Ëåâåíøòåéí, Ìàðê."]
[Black "Ñèâÿêîâ, Ãåîðãèé."]
[Result "1-0"]
[WhiteElo "2161"]
[BlackElo "1959"]
[PlyCount "53"]
[EventDate "2017.04.20"]

1. b3 e5 2. Bb2 d6 3. e3 c5 4. d4 Nc6 5. dxc5 Qa5+ 6. Nc3 dxc5 7. Bb5 Nf6 8.
Nf3 Bg4 9. h3 Rd8 10. Qe2 Ne4 11. Bxc6+ bxc6 12. O-O Bxf3 13. gxf3 Nxc3 14. Qe1
Rd6 15. Bxc3 Rg6+ 16. Kh2 Qc7 17. Qe2 Bd6 18. Rg1 Qd7 19. Rad1 Qf5 20. Rg4 c4
21. bxc4 Rxg4 22. fxg4 Qg6 23. Qd2 Ke7 24. c5 Bb8 25. Qd7+ Kf6 26. h4 Qe4 27.
Rd6+ 1-0

[Event "Ì17Ï"]
[Site "Loo"]
[Date "2017.04.24"]
[Round "5.5"]
[White "Ìîñêâèí, Àíàòîëèé."]
[Black "ßøìåòîâ, Íèêîëàé."]
[Result "0-1"]
[WhiteElo "1952"]
[BlackElo "2152"]
[PlyCount "110"]
[EventDate "2017.04.20"]

1. e4 c5 2. Nf3 d6 3. d4 cxd4 4. Nxd4 Nf6 5. f3 e5 6. Bb5+ Nbd7 7. Nf5 d5 8.
exd5 a6 9. Ba4 b5 10. Bb3 a5 11. c3 Nc5 12. Bc2 Nxd5 13. Qe2 Bxf5 14. Bxf5 Qb8
15. O-O Bd6 16. Be4 Nxe4 17. fxe4 Ne7 18. a4 b4 19. Nd2 bxc3 20. bxc3 Ng6 21.
Nc4 Bc5+ 22. Kh1 O-O 23. Nb2 Qc7 24. Rf3 Rfe8 25. Nd3 Rad8 26. Nxc5 Qxc5 27.
Rb1 Qc6 28. Rd3 Qc4 29. Rxd8 Rxd8 30. Qe1 Qxc3 31. Be3 Qc2 32. Bb6 Nf4 33. Qf1
Rb8 34. Rc1 Qxe4 35. Bxa5 h6 36. Bc3 Rc8 37. Re1 Qc4 38. Qxc4 Rxc4 39. Bd2 Nd3
40. Ra1 Nc5 41. Rc1 Rxc1+ 42. Bxc1 Nxa4 43. Kg1 f5 44. Kf2 Kf7 45. Kf3 Kf6 46.
g4 f4 47. h4 g6 48. Bd2 h5 49. Ba5 Nc5 50. Bc3 Ke6 51. Bd2 Nb3 52. Bc3 Kd5 53.
gxh5 gxh5 54. Bb4 Nd4+ 55. Kf2 e4 0-1

[Event "Ì17Ï"]
[Site "Loo"]
[Date "2017.04.24"]
[Round "5.6"]
[White "Ìàð÷åíêî, Íèêîëàé."]
[Black "Íîâèêîâ, Ñåðãåé."]
[Result "1/2-1/2"]
[WhiteElo "1862"]
[BlackElo "2036"]
[PlyCount "94"]
[EventDate "2017.04.20"]

1. d4 e6 2. Nf3 Nf6 3. Bg5 d5 4. e3 Be7 5. Bd3 O-O 6. Nbd2 Nbd7 7. c3 b6 8. O-O
Bb7 9. Ne5 Nxe5 10. dxe5 Nd7 11. Bf4 f5 12. exf6 Bxf6 13. Qh5 g6 14. Qg4 Re8
15. Bg3 Nc5 16. Bc2 e5 17. b4 Ne6 18. e4 d4 19. Bb3 Bc8 20. cxd4 exd4 21. e5
Bg7 22. Bh4 Qd7 23. Nf3 Kh8 24. Qe4 Ba6 25. Rfe1 c5 26. Bxe6 Qxe6 27. Ng5 Qe7
28. e6 Bb7 29. Qf4 Bf6 30. bxc5 bxc5 31. Rac1 Kg7 32. g3 h6 33. Nf7 g5 34. Qg4
Bd5 35. Qh5 Bxe6 36. Nxh6 Qd8 37. Rxe6 Rxe6 38. Qf7+ Kxh6 39. Bxg5+ Bxg5 40.
Qxe6+ Qf6 41. Qh3+ Kg6 42. f4 Bxf4 43. gxf4 Qxf4 44. Qe6+ Kh7 45. Qd7+ Kh8 46.
Qh3+ Kg7 47. Qd7+ Kh8 1/2-1/2

[Event "Ì17Ï"]
[Site "Loo"]
[Date "2017.04.24"]
[Round "5.7"]
[White "ßðîñëàâöåâ, Àðòåì."]
[Black "Ëàïòåâ, Òèìîôåé."]
[Result "0-1"]
[WhiteElo "2022"]
[BlackElo "1870"]
[PlyCount "120"]
[EventDate "2017.04.20"]

1. e4 c5 2. Nf3 d6 3. Bb5+ Bd7 4. Bxd7+ Qxd7 5. c4 Nc6 6. d4 cxd4 7. Nxd4 Nf6
8. Nc3 g6 9. f3 Bg7 10. Be3 O-O 11. O-O Rfc8 12. b3 Rab8 13. Rc1 a6 14. a4 Qd8
15. Qd2 Qa5 16. Rfd1 Nd7 17. Rb1 Kf8 18. Bh6 Qc5 19. Kh1 Nxd4 20. Bxg7+ Kxg7
21. Qxd4+ Qxd4 22. Rxd4 Ne5 23. Rdd1 b6 24. Kg1 Nc6 25. Kf2 Nb4 26. Nd5 Nxd5
27. Rxd5 Rc5 28. Ke3 Rxd5 29. exd5 Kf6 30. Kd4 e5+ 31. Kd3 Ke7 32. b4 f5 33.
Kc3 h5 34. Re1 g5 35. g3 Kf6 36. Kd3 Rg8 37. c5 bxc5 38. bxc5 dxc5 39. Kc4 Rc8
40. f4 gxf4 41. gxf4 exf4 42. d6 f3 43. Kd5 Kg5 44. d7 Rd8 45. Ke6 Kf4 46. Ke7
Rh8 47. d8=Q Rxd8 48. Kxd8 f2 49. Rc1 Kf3 50. Ke7 Kg2 51. Kf6 f1=Q 52. Rxf1
Kxf1 53. Kxf5 Kg2 54. h4 Kg3 55. Ke5 Kxh4 56. Kd5 Kg4 57. Kxc5 h4 58. a5 h3 59.
Kb6 h2 60. Kxa6 h1=Q 0-1

[Event "Ì17Ï"]
[Site "Loo"]
[Date "2017.04.24"]
[Round "5.8"]
[White "Ìîðîçîâ, Âàëåðèé."]
[Black "Ïåòðåíêî, Êèðèëë."]
[Result "1-0"]
[WhiteElo "1836"]
[BlackElo "1999"]
[PlyCount "120"]
[EventDate "2017.04.20"]

1. f4 d5 2. Nf3 c5 3. g3 Nc6 4. Bg2 Nf6 5. O-O g6 6. d3 Bg7 7. Nc3 O-O 8. e4 d4
9. Ne2 Ne8 10. h3 e5 11. fxe5 Nxe5 12. Nxe5 Bxe5 13. Bh6 Ng7 14. Nf4 Rb8 15.
Qf3 Qd6 16. g4 Bd7 17. Nd5 f6 18. Bf4 Bc6 19. Qg3 Rbe8 20. Rae1 Bxd5 21. Bxe5
Rxe5 22. exd5 Rfe8 23. Be4 b6 24. Re2 Rf8 25. Ref2 Qe7 26. Qh4 Ne8 27. c4 dxc3
28. bxc3 c4 29. Qg3 Nd6 30. Bg2 Kg7 31. d4 Re3 32. Rf3 Re8 33. Kh2 Nb5 34. Qf4
Rxf3 35. Qxf3 Qd6+ 36. Kg1 Re7 37. h4 Re8 38. h5 Qe7 39. Kh2 Nd6 40. Qf4 g5 41.
Qg3 Nb5 42. Qf3 Nd6 43. Qg3 h6 44. Qf3 f5 45. gxf5 Qf6 46. Qg3 Nxf5 47. Qf3 Rf8
48. Qe4 Qd6+ 49. Qe5+ Qxe5+ 50. dxe5 Ne3 51. Re1 Nxg2 52. Kxg2 Rd8 53. d6 Kf7
54. e6+ Ke8 55. Rd1 b5 56. a3 a5 57. Kf3 b4 58. axb4 axb4 59. Ke4 b3 60. Ke5 b2
1-0

[Event "Ì17Ï"]
[Site "Loo"]
[Date "2017.04.24"]
[Round "5.9"]
[White "Çàâüÿëîâ, Íèêèòà."]
[Black "Îâñÿíþê, Äìèòðèé."]
[Result "1/2-1/2"]
[WhiteElo "1908"]
[BlackElo "2095"]
[PlyCount "58"]
[EventDate "2017.04.20"]

1. e4 e5 2. Nf3 Nc6 3. d4 exd4 4. Nxd4 Bc5 5. Be3 Qf6 6. c3 Nge7 7. Be2 d5 8.
O-O Bxd4 9. cxd4 dxe4 10. Nc3 Bf5 11. Qb3 O-O 12. d5 Nd4 13. Bxd4 Qxd4 14. Qxb7
Qe5 15. Rfe1 Rfb8 16. Qa6 Rxb2 17. Qa3 Rc2 18. Rac1 Rxc1 19. Qxc1 Nxd5 20. Nxd5
Qxd5 21. Qxc7 Rc8 22. Qf4 Bg6 23. h4 h5 24. a4 Qa5 25. Ra1 Qc3 26. Ra2 Qb3 27.
Qd2 e3 28. fxe3 Qb8 29. Qe1 Qb3 {äàëåå çàïèñü íåðàçáîð~~èâà} 1/2-1/2

[Event "Ì17Ï"]
[Site "Loo"]
[Date "2017.04.24"]
[Round "5.10"]
[White "Óñàíèí, Ìèõàèë."]
[Black "Çàáîëîòíîâ, Åâãåíèé."]
[Result "0-1"]
[WhiteElo "1907"]
[BlackElo "2087"]
[PlyCount "116"]
[EventDate "2017.04.20"]

1. c4 c6 2. e4 d5 3. exd5 Nf6 4. Nc3 cxd5 5. cxd5 Nxd5 6. Nf3 g6 7. Bb5+ Bd7 8.
Qb3 Nb6 9. Ne5 e6 10. Ne4 Be7 11. Nxd7 N8xd7 12. d3 O-O 13. Bh6 Re8 14. Qc3 Bf8
15. Bxf8 Rxf8 16. Bxd7 Nxd7 17. O-O Rc8 18. Qd4 f5 19. Nc3 Nc5 20. Qe5 Qf6 21.
Qe3 Rfd8 22. Rad1 Qd4 23. Qf3 Qb4 24. Qe2 Rd6 25. a3 Qb3 26. d4 Na4 27. Nxa4
Qxa4 28. d5 Rcd8 29. Rc1 exd5 30. Rc7 Re8 31. Qd2 Rd7 32. b3 Qb5 33. a4 Qxf1+
34. Kxf1 Rxc7 35. Qxd5+ Rf7 36. g3 a6 37. h4 h5 38. b4 Re4 39. Qd8+ Kh7 40. Qb6
f4 41. Kg1 Re1+ 42. Kg2 fxg3 43. fxg3 Re2+ 44. Kh3 Kh6 45. Qg1 Rff2 46. Qh1 Rb2
47. Qc1+ Rfd2 48. Qg1 Kg7 49. Qh1 Kf6 50. Qf3+ Ke5 51. Qf4+ Kd5 52. Qf3+ Kc4
53. Qe4+ Kb3 54. g4 Rh2+ 55. Kg3 Rhg2+ 56. Kf3 Rbf2+ 57. Ke3 Re2+ 58. Kd3 Rxe4
0-1

[Event "Ì17Ï"]
[Site "Loo"]
[Date "2017.04.24"]
[Round "5.11"]
[White "ßíãóòîâ, Àëåêñåé."]
[Black "Ðîâíîâ, Âëàäèñëàâ."]
[Result "1/2-1/2"]
[WhiteElo "1883"]
[BlackElo "2039"]
[PlyCount "50"]
[EventDate "2017.04.20"]

1. d4 Nf6 2. c4 g6 3. Nc3 Bg7 4. e4 d6 5. Nf3 O-O 6. Be2 Nbd7 7. O-O c6 8. Rb1
e5 9. d5 Nc5 10. Qc2 cxd5 11. cxd5 Nfxe4 12. Nxe4 Nxe4 13. Be3 Nf6 14. Qb3 Bf5
15. Rbc1 Qd7 16. a4 Be4 17. Rfd1 Bxf3 18. Bxf3 a6 19. Rc4 Rfc8 20. Rb4 Rc7 21.
Bb6 Rcc8 22. Be3 Rc7 23. Bb6 Rcc8 24. Be3 Rc7 25. Bb6 Rcc8 1/2-1/2

[Event "Ì17Ï"]
[Site "Loo"]
[Date "2017.04.24"]
[Round "5.12"]
[White "Àéðàïåòÿí, Îãàíåñ."]
[Black "Òðåòüÿêîâ, Ñòåïàí."]
[Result "0-1"]
[WhiteElo "1825"]
[BlackElo "1995"]
[PlyCount "32"]
[EventDate "2017.04.20"]

1. e4 c5 2. d3 Nc6 3. c3 d5 4. Be2 g6 5. Na3 Bg7 6. exd5 Qxd5 7. Nb5 Qd7 8. Be3
b6 9. Nf3 Nf6 10. d4 cxd4 11. Nbxd4 Nxd4 12. Bxd4 O-O 13. O-O Bb7 14. Qb3 Nh5
15. Bxg7 Nf4 16. Nd4 Qh3 0-1

[Event "Ì17Ï"]
[Site "Loo"]
[Date "2017.04.24"]
[Round "5.13"]
[White "Àïïàíîâ, Àðòåì."]
[Black "Íàòàðîâ, Èëüÿ."]
[Result "1-0"]
[WhiteElo "1992"]
[BlackElo "1829"]
[PlyCount "67"]
[EventDate "2017.04.20"]

1. d4 d5 2. c4 c6 3. Nc3 Nf6 4. Nf3 e6 5. e3 Nbd7 6. Qc2 Bd6 7. Bd3 dxc4 8.
Bxc4 b5 9. Be2 Bb7 10. O-O a6 11. e4 e5 12. Bg5 h6 13. Bh4 O-O 14. dxe5 Nxe5
15. Nxe5 Bxe5 16. f4 Bxc3 17. bxc3 Qb6+ 18. Kh1 c5 19. Bf3 Rfe8 20. Rae1 c4 21.
Bf2 Qc7 22. Bd4 Nd7 23. e5 Bxf3 24. Rxf3 Nc5 25. Rg3 Rad8 26. Qf5 Ne6 27. Qg4
f6 28. Bg1 fxe5 29. fxe5 Qe7 30. Be3 Kh8 31. Qg6 Rd7 32. Bxh6 Nf8 33. Bxg7+
Qxg7 34. Qxe8 1-0

[Event "Ì17Ï"]
[Site "Loo"]
[Date "2017.04.24"]
[Round "5.14"]
[White "Ëåâäàíñêèé, Àëåêñåé."]
[Black "Çàõàðîâ, Íèêèòà."]
[Result "1/2-1/2"]
[WhiteElo "1859"]
[BlackElo "1980"]
[PlyCount "90"]
[EventDate "2017.04.20"]

1. Nf3 Nf6 2. d4 g6 3. Bg5 Bg7 4. Nbd2 O-O 5. c3 d6 6. e4 c5 7. d5 e6 8. dxe6
Bxe6 9. Bc4 d5 10. exd5 Bxd5 11. O-O Nc6 12. Qc2 Bxf3 13. Nxf3 Qc7 14. Rfe1 a6
15. Rad1 Rfe8 16. g3 b5 17. Bf1 Rad8 18. Rxd8 Qxd8 19. Rxe8+ Qxe8 20. a4 c4 21.
axb5 axb5 22. b3 Ne4 23. bxc4 bxc4 24. Bxc4 Nxg5 25. Nxg5 Ne5 26. Be2 h6 27.
Ne4 f5 28. Nd2 Nc6 29. Nf3 Kh7 30. Bb5 Nb4 31. Bxe8 Nxc2 32. Nh4 g5 33. Bg6+
Kh8 34. Nxf5 Bxc3 35. Nxh6 Kg7 36. Bxc2 Kxh6 37. Kg2 Bf6 38. Kf3 Bd4 39. h3 Bc5
40. Ke2 Bd6 41. Bf5 Bc7 42. Kf3 Bd6 43. g4 Bc7 44. Ke4 Bf4 45. h4 Bc1 1/2-1/2

[Event "Ì17Ï"]
[Site "Loo"]
[Date "2017.04.24"]
[Round "5.15"]
[White "Ðîãîöêèé, Þðèé."]
[Black "Íîâèêîâ, Êèðèëë."]
[Result "1/2-1/2"]
[WhiteElo "1960"]
[BlackElo "1763"]
[PlyCount "115"]
[EventDate "2017.04.20"]

1. d4 d5 2. c4 c6 3. Nf3 Nf6 4. Nc3 dxc4 5. a4 Bf5 6. Ne5 Nbd7 7. Nxc4 Qc7 8.
f3 e5 9. e4 exd4 10. Ne2 Bb4+ 11. Bd2 Bxd2+ 12. Qxd2 Be6 13. Nxd4 Bxc4 14. Bxc4
Ne5 15. Be2 Rd8 16. Qc3 O-O 17. O-O Qb6 18. Rfd1 Rd7 19. a5 Qc7 20. Rdc1 Rfd8
21. Nf5 Nd3 22. Nh6+ gxh6 23. Bxd3 Ng4 24. fxg4 Rxd3 25. Qf6 Qd6 26. Qxd6 R8xd6
27. Rc2 a6 28. e5 Re6 29. Ra4 Rb3 30. Re2 Rb5 31. Kf2 Rexe5 32. Rxe5 Rxe5 33.
Rb4 Re7 34. Kg3 Kg7 35. Kf4 Kf6 36. h4 Rd7 37. g3 Ke6 38. g5 h5 39. g4 hxg4 40.
Kxg4 f6 41. Re4+ Kf7 42. Rf4 Rd5 43. Rxf6+ Kg7 44. b4 Rb5 45. Rf4 c5 46. bxc5
Rxa5 47. Rc4 Rb5 48. c6 bxc6 49. Rxc6 Ra5 50. Kh5 Rf5 51. Rxa6 Rf7 52. Kg4 Rb7
53. Ra4 h6 54. Kh5 hxg5 55. hxg5 Rc7 56. Ra6 Rd7 57. Rb6 Kh7 58. Rh6+ 1/2-1/2